Thiếu Sơn toàn tập; T2
Guardat en:
| Autor principal: | |
|---|---|
| Format: | Llibre |
| Idioma: | Undetermined |
| Publicat: |
H.
Văn Học
2003
|
| Matèries: | |
| Etiquetes: |
Afegir etiqueta
Sense etiquetes, Sigues el primer a etiquetar aquest registre!
|
| Thư viện lưu trữ: | Trung tâm Học liệu Trường Đại học Cần Thơ |
|---|
| LEADER | 00536nam a2200205Ia 4500 | ||
|---|---|---|---|
| 001 | CTU_59170 | ||
| 008 | 210402s9999 xx 000 0 und d | ||
| 082 | |a 895.922008 | ||
| 082 | |b Th309/T2 | ||
| 100 | |a Thiếu Sơn | ||
| 245 | 0 | |a Thiếu Sơn toàn tập; T2 | |
| 245 | 0 | |c Thiếu Sơn | |
| 260 | |a H. | ||
| 260 | |b Văn Học | ||
| 260 | |c 2003 | ||
| 650 | |a vietnamese literaturec | ||
| 650 | |x collections | ||
| 650 | |y 20th century | ||
| 904 | |i Minh | ||
| 980 | |a Trung tâm Học liệu Trường Đại học Cần Thơ | ||